Rathore a complete guide for central police forces (CPF) BSF/CRPF/ITBP/SSB/CISF / (Record no. 101359)
[ view plain ]
| 000 -LEADER | |
|---|---|
| fixed length control field | 00582nam a22001817a 4500 |
| 005 - DATE AND TIME OF LATEST TRANSACTION | |
| control field | 20160722110047.0 |
| 010 ## - LCCN (DPL NO) | |
| LC control number | ENG-115493 |
| 020 ## - INTERNATIONAL STANDARD BOOK NUMBER | |
| International Standard Book Number | 9789385493003 |
| Terms of availability | 550.00 |
| 035 ## - SYSTEM CONTROL NUMBER | |
| System control number | EN-99025 |
| 037 ## - SOURCE OF ACQUISITION | |
| Source of stock number/acquisition | DBAD/PUB |
| 082 ## - DEWEY DECIMAL CLASSIFICATION NUMBER | |
| Classification number | 000 |
| 245 ## - TITLE STATEMENT | |
| Title | Rathore a complete guide for central police forces (CPF) BSF/CRPF/ITBP/SSB/CISF / |
| Statement of responsibility, etc | edited by Kunwar Ishwar Singh Rathore |
| 250 ## - EDITION STATEMENT | |
| Edition statement | ed. 2016 |
| 260 ## - PUBLICATION, DISTRIBUTION, ETC. (IMPRINT) | |
| Place of publication, distribution, etc | New Delhi |
| Name of publisher, distributor, etc | Rathore Publishers & Distributors |
| Date of publication, distribution, etc | 2015 |
| 300 ## - PHYSICAL DESCRIPTION | |
| Extent | 392p. |
| Dimensions | 24cm(pbk) |
| 700 ## - ADDED ENTRY--PERSONAL NAME | |
| Dates associated with a name | Kunwar Ishwar Singh Rathore |
| 942 ## - ADDED ENTRY ELEMENTS (KOHA) | |
| Source of classification or shelving scheme | Dewey Decimal Classification |
| Item type | English Books |
| Classification part | 000 |
| Call number suffix | RAT |
| Withdrawn status | Lost status | Not for loan | Collection code | Home library | Current library | Date acquired | Source of acquisition | Cost, normal purchase price | Full call number | Barcode | Copy number | Cost, replacement price | Koha item type |
|---|---|---|---|---|---|---|---|---|---|---|---|---|---|
| Not For Loan | Reference | D.B.Act.Division | Bawana | 19/07/2016 | DBAD/PUB | 550.00 | 000 RAT | EN-99025 | 1 | 550.00 | English Books |
